00713nam a2200229 a 4500001001300000003000900013005001700022008004100039020002300080082001800103100001600121245005800137260004600195300001000241500003500251650001800286700001600304902000800320942000700328952013100335999001700466nice12345678IN_TiNIC20260116014724.0131226s2009 pana grp 000 0 eng  a9788170589235c18500a294.5924bAUR aAurobindo,  aMessage of the Gitab As Interpreted By Sri Aurobindo aPandicherry bSri Aurobindo Ashram c2009 a374p  aincludes index and biblioraphy aBhagavad Gita1 aAurobindo,  bSRS cBK 001040708StackRoom-aHMIbHMId2013-12-26g185.00l3o294.5924 AURp024275r2022-06-06s2022-04-25v185.00w2013-12-26yBK c16645d16645